| 000 | 00415nam a2200181Ia 4500 | ||
|---|---|---|---|
| 005 | 20250603145435.0 | ||
| 008 | 250603s9999 xx 000 0 und d | ||
| 020 | _a81-7476-244-2 | ||
| 050 | _aHG 179 .W35/ | ||
| 100 | _aWalia, Mohinder M. | ||
| 245 | 0 | _aNine steps to successful living | |
| 260 | _aNew Delhi | ||
| 260 | _bUBSPD | ||
| 260 | _c2007 | ||
| 300 | _a171 p | ||
| 650 | _aNew Delhi | ||
| 942 | _cBK | ||
| 999 |
_c41868 _d41868 |
||